000 00618nam a2200241Ia 4500
003 OSt
005 20220924143712.0
006 a|||||r|||| 00| 0
007 ta
008 220923b |||||||| |||| 00| 0 urd d
024 _a309640
037 _cTextual
040 _aARTS
_cARTS
_burd
041 _2urd
_aurd
082 _aO168v28152,N7, N4
100 _akhan Md. Noman
_9216626
245 0 _aBhopal adab ke aaine main
260 _c1994
300 _a151p.
_ccm.
650 _aURDU LITERATURE
942 _hO168v28152,N7, N4
_cTEXL
_2CC
999 _c455446
_d455446